Pericles, el ateniense. (Record no. 111619)
[ view plain ]
| 000 -LEADER | |
|---|---|
| campo de control de longitud fija | 00595cam a2200217I 4500 |
| 001 - NÚMERO DE CONTROL | |
| campo de control | 83792 |
| 005 - FECHA Y HORA DE LA ÚLTIMA TRANSACCIÓN | |
| campo de control | 20230411090042.0 |
| 008 - DATOS DE LONGITUD FIJA--INFORMACIÓN GENERAL | |
| campo de control de longitud fija | 750729s1963 ag 000 0 spa d |
| 035 ## - NÚMERO DE CONTROL DEL SISTEMA | |
| Número de control de sistema | (OCoLC)ocm01487501 |
| 040 ## - FUENTE DE CATALOGACIÓN | |
| Centro catalogador/agencia de origen | DZM |
| Centro/agencia transcriptor | DZM |
| Centro/agencia modificador | OCL |
| -- | OCLCQ |
| -- | OCLCG |
| 035 ## - NÚMERO DE CONTROL DEL SISTEMA | |
| Número de control de sistema | (OCoLC)1487501 |
| 049 ## - FONDOS LOCALES (OCLC) | |
| Biblioteca depositaria | GRAL |
| 100 1# - ENTRADA PRINCIPAL--NOMBRE DE PERSONA | |
| Nombre de persona | Warner, Rex, |
| Fechas asociadas al nombre | 1905-1986. |
| 245 10 - MENCIÓN DEL TÍTULO | |
| Título | Pericles, el ateniense. |
| 260 ## - PUBLICACIÓN, DISTRIBUCIÓN, ETC. | |
| Lugar de publicación, distribución, etc. | Buenos Aires, |
| Nombre del editor, distribuidor, etc. | Emecé |
| Fecha de publicación, distribución, etc. | [c1965] |
| 300 ## - DESCRIPCIÓN FÍSICA | |
| Extensión | 243 p. |
| 500 ## - NOTA GENERAL | |
| Nota general | Original title: Pericles, the Athenian. |
| 600 00 - PUNTO DE ACCESO ADICIONAL DE MATERIA--NOMBRE DE PERSONA | |
| Nombre de persona | Pericles, |
| Fechas asociadas al nombre | 499-429 B.C. |
| Subdivisión de forma | Fiction. |
| 942 ## - ELEMENTOS DE ENTRADA SECUNDARIOS (KOHA) | |
| Fuente del sistema de clasificación o colocación | Clasificación de Library of Congress |
| Tipo de ítem Koha | |
| 994 ## - | |
| -- | C0 |
| -- | DRFGD |
| Estatus retirado | Estado de pérdida | Fuente del sistema de clasificación o colocación | Estado de daño | No para préstamo | Colección | Biblioteca de origen | Biblioteca actual | Ubicación en estantería | Fecha de adquisición | Código de barras | Visto por última vez | Copia número | Tipo de ítem Koha |
|---|---|---|---|---|---|---|---|---|---|---|---|---|---|
| Clasificación de Library of Congress | Automatización y Procesos Técnicos | Biblioteca Juan Bosch | Biblioteca Juan Bosch | Automatización y Procesos Técnicos (1er. Piso) | 11/04/2023 | 00000075640 | 17/02/2019 | 1 |
